Verejná moc a jej legitimita
Obec ako subjekt verejného a súkromného práva. Interpretácia zákona SNR č. 369/1990 Zb. o obecnom zriadení. Právne postavenie obce a diferencovanosť medzi verejnoprávnymi a súkromnými hľadiskami právnej subjektivity obce. Obec ako nositeľ verejnej moci. Správny orgán a orgán verejnej správy. Správne...
Na minha lista:
| Autor principal: | |
|---|---|
| Outros Autores: | |
| Formato: | Capítulo de Livro |
| Idioma: | eslovaco |
| Assuntos: | |
| Tags: |
Sem tags, seja o primeiro a adicionar uma tag!
|
MARC
| LEADER | 00000naa a2200000 4500 | ||
|---|---|---|---|
| 001 | r034508 | ||
| 005 | 20230825081828.0 | ||
| 041 | 0 | |a slo | |
| 044 | |a SK | ||
| 245 | 1 | 0 | |a Verejná moc a jej legitimita |c Jozef Prusák, Soňa Košičiarová |
| 520 | |a Obec ako subjekt verejného a súkromného práva. Interpretácia zákona SNR č. 369/1990 Zb. o obecnom zriadení. Právne postavenie obce a diferencovanosť medzi verejnoprávnymi a súkromnými hľadiskami právnej subjektivity obce. Obec ako nositeľ verejnej moci. Správny orgán a orgán verejnej správy. Správne súdnictvo. | ||
| 610 | 2 | 0 | |a moc štátna |
| 610 | 2 | 0 | |a správa verejná |
| 610 | 2 | 0 | |a právo štátne |
| 610 | 2 | 0 | |a právo správne |
| 610 | 2 | 0 | |a obce |
| 610 | 2 | 0 | |a orgány zastupiteľské |
| 610 | 2 | 0 | |a orgány štátne |
| 610 | 2 | 0 | |a súdnictvo |
| 610 | 2 | 0 | |a poriadok súdny občiansky |
| 610 | 2 | 0 | |a legitimita |
| 610 | 2 | 0 | |a Slovensko |
| 100 | 1 | |a Prusák, Jozef | |
| 700 | 1 | |a Košičiarová, Soňa | |